00289 a2200109 450000100060000008200110000610000410001724500510005826000250010930000190013450000260015387905 aPR 248 aImran Rasheed; Anila Ishaq Khan Prof aTheoretical design of a machining centrenG-65 aRisalpurbNUSTc2008 a71 p.ewith CD aBE project reports AE